书目信息 |
| 题名: |
变电运行技术问答
|
|
| 作者: | ;北京电业管理局《变电运行技术问答》汇编小组 编 | |
| 分册: | 上册 高压设备部分 | |
| 出版信息: | 北京 水利电力出版社 1976 |
|
| 页数: | 243页 | |
| 开本: | 19cm | |
| 丛书名: | ||
| 单 册: | ||
| 中图分类: | TM732 | |
| 科图分类: | ||
| 主题词: | 电力系统调度 , 电力系统--管理 , 电力系统--通信 | |
| 电子资源: | ||
| ISBN: | ||
| 000 | 00876nam0 2200241 45 | |
| 001 | 0176000934 | |
| 005 | 20060511145955.59 | |
| 010 | @dCNY0.57 | |
| 100 | @a19951011d1976 em y0chiy0121 ea | |
| 101 | 0 | @achi |
| 102 | @aCN@b110000 | |
| 105 | @ay z 000yy | |
| 200 | 10 | @a变电运行技术问答@Abian dian yun hing ji shu wen da@h上册@i高压设备部分@f北京电业管理局《变电运行技术问答》汇编小组编@Fbei jing dian ye guan li ju《bian dian yun xing ji shu wen da》hui bian xiao zu bian |
| 210 | @a北京@c水利电力出版社@d1976 | |
| 215 | @a243页@d19cm | |
| 606 | @a电力系统调度 | |
| 606 | 0 | @a电力系统@x管理 |
| 606 | 0 | @a电力系统@x通信 |
| 690 | @aTM732@v3 | |
| 711 | 0 | @a北京电业管理局《变电运行技术问答》汇编小组@Abei jing dian ye guan li ju《bian dian yun xing ji shu wen da》hui bian xiao zu@4编 |
| 801 | 2 | @aCN@bNLC@c20060511 |
| 801 | 0 | @aCN@bTSSF |
| 905 | @a10447@dTM732@e1:1 | |
| 变电运行技术问答.上册.高压设备部分/北京电业管理局《变电运行技术问答》汇编小组编.-北京:水利电力出版社,1976 |
| 243页;19cm |
| ISBN :CNY0.57 |
| ● |
| 相关链接 |
|
|
|
|
正题名:变电运行技术问答
索取号:TM732/1:1
 
预约/预借
| 序号 | 登录号 | 条形码 | 馆藏地/架位号 | 状态 | 备注 |
| 1 | 0003153 | 202323404 | 密集书库/ [索取号:TM732/1:1] | 在馆 |